000 00383nam a2200145Ia 4500
008 231129s2013||||xx |||||||||||||| ||spa||
020 _a978-968-16-4151-1
040 _bspa
082 _a781.2 C784c
100 _aCopland Aaron
245 0 _aCómo escuchar la música
260 _c2013
264 _aFondo de Cultura Economica
942 _2ddc
_cBKS
999 _c2313
_d2313